000 00863cab a2200241 4500
001 ABS47245
008 090401t1992 xxu||||| |||| 00| 0 eng d
035 _a(Sirsi) u61195
041 _aeng
100 _aRydell, D.
245 _aGovernment faces a road block over highway improvements levy
260 _c1992
350 _a0
490 _aChartered Surveyor Weekly
_v41(4) 22 October 1992, 20-21(2)
520 _aReports on the Government proposals set out in a consultation paper "Developers` contributions to highway works", to charge developers for road improvements needed as a result of their developments.
650 _aCONSULTATION PAPERS
650 _aDEPARTMENT OF TRANSPORT
650 _aDEVELOPMENT ROAD PROJECTS
650 _aROAD IMPROVEMENTS
690 _aHIGHWAYS RIGHTS OF WAY AND EASEMENTS
942 _n0
948 _c04/03/1997
999 _c37861
_d37861